书目信息 |
| 题名: |
李清照集校注
|
|
| 作者: | 李清照 著 ;王学初 校注 | |
| 分册: | ||
| 出版信息: | 北京 人民文学出版社 1979 |
|
| 页数: | 376页 | |
| 开本: | 20cm | |
| 丛书名: | ||
| 单 册: | ||
| 中图分类: | I214.42 , I207.2 | |
| 科图分类: | ||
| 主题词: | 古典文学--中国--宋代--选集 , 文学--中国 | |
| 电子资源: | ||
| ISBN: | ||
| 000 | 00715nam0 2200253 450 | |
| 001 | 1533403462 | |
| 005 | 20170926155137.46 | |
| 010 | @dCNY1.15 | |
| 091 | @a10019.2817 | |
| 100 | @a19950718d1979 em y0chiy0110 ea | |
| 101 | 0 | @achi |
| 102 | @aCN@b110000 | |
| 105 | @ay z 000zy | |
| 200 | 1 | @a李清照集校注@9li qing zhao ji jiao zhu@f(宋)李清照著@g王学初校注 |
| 210 | @a北京@c人民文学出版社@d1979 | |
| 215 | @a376页@d20cm | |
| 606 | 0 | @a古典文学@y中国@z宋代@x选集 |
| 606 | 0 | @a文学@x中国 |
| 690 | @aI214.42@v5 | |
| 690 | @aI207.2@v4 | |
| 701 | 0 | @c(宋)@a李清照@9li qing zhao@c(女,@f1084~1155?)@4著 |
| 702 | 0 | @a王学初@9wang xue chu@4校注 |
| 801 | 0 | @aCN@bTSSF@c20150124 |
| 905 | @aZUCC@dI207.2@eJY99 | |
| 李清照集校注/(宋)李清照著/王学初校注.-北京:人民文学出版社,1979 |
| 376页;20cm |
| ISBN :CNY1.15 |
| ● |
| 相关链接 |
|
|
|
|
正题名:李清照集校注
索取号:I207.2/JY99
 
预约/预借
| 序号 | 登录号 | 条形码 | 馆藏地/架位号 | 状态 | 备注 |
| 1 | 7843715 | 278437158 | 学院路分馆/ [索取号:I207.2/JY99] | 在馆 |